| 000 | 00990nam a2200289 i 4500 | ||
|---|---|---|---|
| 003 | EG-GICUC | ||
| 005 | 20260408133638.0 | ||
| 008 | 260408s18871908fr |||fr|||| 00| 0 fre d | ||
| 040 |
_aEG-GiCUC _bfre _cEG-GiCUC _dEG-GiCUC _eRda |
||
| 082 | 0 | 4 |
_221 _a343.101 _bVI . T |
| 092 | 0 | 4 | _221 |
| 099 | _aLaw1 10 343.101 VI . T 1887 | ||
| 100 | 1 |
_aVilley, Edmond _eAuteur |
|
| 245 | 1 | 0 |
_aTheorie Code Pénal. _nTome Cinquième / _cEdmond Villey. |
| 250 | _aSixième Édition Annotée | ||
| 264 | 3 |
_aParis : _bImprimerie Et Librairie Générale De Jurisprudence Marchal Et Billard, _c1887. |
|
| 300 |
_a768 page ; _c 24 cm. |
||
| 336 |
_2rda contenu _a texte |
||
| 337 |
_2rda medias _aOrdinateur |
||
| 338 |
_2 transporteur rda _a Ressource en ligne |
||
| 650 | 1 |
_aDroit Pénal Général _xPhilosoPhie et Theories _2qrmak |
|
| 650 | 1 |
_aDroit De Panél _2qrmak |
|
| 651 | 1 | _2qrmak | |
| 856 | 4 | 0 | _uhttps://fll.law.cu.edu.eg/fulltext/bks/B10-08933.pdf |
| 905 | _a54 | ||
| 942 |
_2ddc _cBK _e21 _n0 |
||
| 999 |
_c69722 _d69722 |
||